000 00345nam a2200145Ia 4500
008 230917s9999||||xx |||||||||||||| ||und||
040 _e36344
_aMAIN
041 _aEnglish
082 _a658.3 R116Z
100 _aRadha
245 4 _aThe zen way to be an effective manager
260 _aNew Delhi
_bViva
_c1993
300 _a121 p.
942 _cBK
999 _c75758
_d75758